100 Hari Mengenal Cinta / (Record no. 5019)

000 -LEADER
fixed length control field 00597nam a2200205 a 4500
005 - DATE AND TIME OF LATEST TRANSACTION
control field 20250120145238.0
008 - FIXED-LENGTH DATA ELEMENTS--GENERAL INFORMATION
fixed length control field 250120t20172017my ||||| |||| 00| 0 may d
020 ## - INTERNATIONAL STANDARD BOOK NUMBER
International Standard Book Number 9789672102212
040 ## - CATALOGING SOURCE
Original cataloging agency AKMAL
082 04 - DEWEY DECIMAL CLASSIFICATION NUMBER
Classification number 899.2333 SYU
090 00 - LOCALLY ASSIGNED LC-TYPE CALL NUMBER (OCLC); LOCAL CALL NUMBER (RLIN)
Classification number (OCLC) (R) ; Classification number, CALL (RLIN) (NR) 899.2333
Local cutter number (OCLC) ; Book number/undivided call number, CALL (RLIN) SYU
100 0# - MAIN ENTRY--PERSONAL NAME
Personal name Syu Ariani,
9 (RLIN) 9584
245 10 - TITLE STATEMENT
Title 100 Hari Mengenal Cinta /
Statement of responsibility, etc. Syu Ariani
246 3# - VARYING FORM OF TITLE
Title proper/short title Seratus hari mengenal cinta
264 #1 - PRODUCTION, PUBLICATION, DISTRIBUTION, MANUFACTURE, AND COPYRIGHT NOTICE
Place of production, publication, distribution, manufacture Cheras, Selangor :
Name of producer, publisher, distributor, manufacturer Penulisan Enterprise,
Date of production, publication, distribution, manufacture, or copyright notice 2017
300 ## - PHYSICAL DESCRIPTION
Extent iii, 579 pages :
Other physical details ill ;
Dimensions 19cm
650 10 - SUBJECT ADDED ENTRY--TOPICAL TERM
Topical term or geographic name entry element Malaysian fiction (Malay)
9 (RLIN) 9429
650 20 - SUBJECT ADDED ENTRY--TOPICAL TERM
Topical term or geographic name entry element Malay fiction
942 ## - ADDED ENTRY ELEMENTS (KOHA)
Source of classification or shelving scheme
Koha item type Book
Holdings
Withdrawn status Lost status Source of classification or shelving scheme Damaged status Not for loan Collection code Home library Current library Shelving location Date acquired Source of acquisition Inventory number Total Checkouts Full call number Barcode Date last seen Price effective from Koha item type
          FICTION AKMAL Melaka AKMAL Melaka PINJAMAN 20.01.2025 Sumbangan 000357   899.2333 SYU 201708284 20.01.2025 20.01.2025 Book
Pusat Sumber Maklumat Dato' Haji Sarmin Md Hussin, Akademi Kastam Diraja Malaysia, Melaka
Tel: 06-2331106 | Faks: 06-2313787